01298nam a22003857a 4500003000400000005001700004008004100021040002200062082001800084100002900102245006900131260002900200300001900229366000800248490002400256505001700280505002200297505001500319505001800334505002400352505001800376505001800394505001800412505002600430505002700456505009200483505001700575650004100592650004400633650005500677650004800732650004300780650004500823651004400868OSt20230519102222.0221006b |||||||| |||| 00| 0 eng d cBiblioteca Lado V a701.18bA658t aAraeen, Rasheedeeditora aThird Text/bCriticalPerspectives on Contemporary Art & Culture/ bRoutledgec2002aLondres c19x25cma112p. eeng a57v2002x0952-8822 aBulent Diken aMerryl Wyn Davies aIan Mclean aVanessa Corby aWendy Meryem K Shaw aJames Swinson aAlana Jelinek aBernard Smith aNikos Paperstergiadis aForumgRachel Garfield aReviewsgMichael Richardson Zeigam Azizov Tina Sotiriadi Beral Madra Mario Pissarra aContributors 2Tesauro de Arte & ArquitecturaaARTE 2Tesauro de Arte & ArquitecturaaCRITICA 2Tesauro de Arte & ArquitecturaaARTE CONTEMPORANEO 2Tesauro de Arte & ArquitecturaaAPRECIACION 2Tesauro de Arte & ArquitecturaaTEORIA 2Tesauro de Arte & ArquitecturaaANALISIS 2Tesauro de Arte & ArquitecturaaLONDRES